Evaluación formativa de preguntas de prueba mediante la metodología de la entrevista de pensamiento en voz alta /

El objetivo del presente artículo es proporcionar una descripción general del proceso de construcción de instrumentos de medición educacional estandarizados y efectuar una propuesta para situar la metodología de la entrevista de pensamiento en voz alta o entrevista cognitiva, como un procedimiento p...

Descripción completa

Detalles Bibliográficos
Autor principal: Himmel Köning, Erika
Otros Autores: Infante Jaras, Marta
Formato: Analitica de revista
Lenguaje:español
Publicado: Santiago, Chile Pontificia Universidad Católica de Chile 2005
Materias:

MARC

LEADER 00000cab a2200000 a 4500
001 026357
003 UAHC_CL
005 20180809115433.0
008 010822b xx j 000 1 spa
952 |0 0  |1 0  |2 ddc  |4 0  |6 BOL___INVEST__EDUC_01_050000000000000  |7 0  |8 COMP  |9 53143  |a BC  |b BC  |c General  |d 2017-08-03  |l 0  |o BOL. INVEST. EDUC.01/05  |r 2018-01-17 00:00:00  |w 2017-08-03  |y REVA 
999 |c 26357  |d 26357 
040 |a UAHC_CL  |c UAHC_CL  |d UAHC_CL 
100 1 |a Himmel Köning, Erika 
245 1 0 |a Evaluación formativa de preguntas de prueba mediante la metodología de la entrevista de pensamiento en voz alta /  |c Erika Himmel Köning, Marta Infante Jaras. 
260 |b Pontificia Universidad Católica de Chile  |c 2005  |a Santiago, Chile 
300 |a p. 33-49 
500 |a En: Boletín de investigación educacional, nº 1, vol 20, 2005. p.33-49. ISSN 07172494. 
520 |a El objetivo del presente artículo es proporcionar una descripción general del proceso de construcción de instrumentos de medición educacional estandarizados y efectuar una propuesta para situar la metodología de la entrevista de pensamiento en voz alta o entrevista cognitiva, como un procedimiento para validar si los reactivos elaborados desencadenan los procesos cognitivos postulados por los autores de los mismos en una fase de dicho proceso. La metodología de pensamiento en voz alta se ilustra con ejemplos provenientes de su aplicación a una bateria de pruebas, cuya finalidad es medir los aprendizajes de lectura, escritura y matemática de primero a cuarto año básico. 
650 4 |a APRENDIZAJE LECTO-ESCRITURA 
650 4 |a CONSTRUCCION DE INSTRUMENTOS DE MEDICION EDUCACIONAL ESTANDARIZADOS 
650 4 |a PROCESOS COGNITIVOS 
700 1 |a Infante Jaras, Marta 
773 0 |t Boletín de Investigación Educacional.  |w 025995 
900 |a BOL. INVEST. EDUC.01/05 
942 |c REVA  |2 ddc